000 00789nam a22002297a 4500
999 _c13252
_d13252
003 MIRAKIL
005 20190517115314.0
008 190517b tu ||||| |||| 00| 0 tur d
020 _a9789751734846
040 _cTR-AnCHP
_aTR-AnCHP
041 _atur
082 _a928.94335
_bN29 2014
245 1 0 _aİstanbul Şair Nazım Hikmet /
_ceditör Kıymet Coşkun.
260 _aAnkara :
_bT.C. Kültür ve Turizm Bakanlığı,
_c2014.
300 _a492 s. :
_bres. ;
_c21 sm.
440 0 _aKültür ve Turizm Bakanlığı yayınları.
_v3255..
490 0 _aAnma ve Armağan Kitapları dizisi ;
_v18.
600 1 4 _aNazım Hikmet
_d1901-1963
_xyaşamöyküsü
_92988
650 0 _aYazarlar, Türk
_y20 yy.
_95390
_xyaşamöyküsü
700 _aCoşkun, Kıymet
_eed.
_95757
942 _2ddc
_cBKS